| 000 | 00854nam a2200289Ia 4500 | ||
|---|---|---|---|
| 001 | 52816 | ||
| 005 | 20240114005320.0 | ||
| 007 | ta | ||
| 008 | 101104s2006 g b000 u 903 u | ||
| 040 | _aCotton College,Assam | ||
| 041 | _a903 | ||
| 082 |
_a301.208 _bDa 26 Tr |
||
| 100 | _aDas, Dr.Girindra Nath . | ||
| 245 | 0 |
_aTribal Tradition and Development in the Hill Areas of Assam / _cDr.Girindra Nath Das. _hTextual Documents |
|
| 250 | _aIst ed. / | ||
| 260 |
_aGuwahati : _bAssam Institute of Research for Tribals and Scheduled Castes , _c2006. |
||
| 300 |
_a210pg ; _c19cm. |
||
| 653 | _aSociology | ||
| 653 | _aTribal Tradition - Assam | ||
| 653 | _aTribal Tradition - Assam | ||
| 653 | _aG- Sociology | ||
| 653 | _aDeptt- Bodo | ||
| 942 |
_2ddc _cBK |
||
| 999 |
_c52779 _d52779 |
||